000 00758nam a2200241Ia 4500
003 OSt
005 20220925235520.0
006 a|||||r|||| 00| 0
007 ta
008 220923b |||||||| |||| 00| 0 eng d
020 _a9788184501797
_c2448
037 _b160, 23/09/2010, Ansh Book International
_cGeneral Book
040 _aRTL
_cRTL
_beng
041 _2eng
_aeng
082 _aX:9.1, P9
100 _aBHATIA S.K.
245 0 _aHRM in global scenario
_b Practices and strategies for competitive success
260 _a New Delhi
_bDeep and Deep
_c2009
300 _axvi, 557p
_ccm.
650 _aCommerce
942 _hX:9.1, P9
_cGB
_2CC
999 _c597461
_d597461